| 000 | 00371nam a2200145Ia 4500 | ||
|---|---|---|---|
| 008 | 191201s2008 xx 000 0 und d | ||
| 082 |
_a621.57 _bARC |
||
| 100 | _aARORA, S C | ||
| 245 | 0 | _aCourse in Refrigeration and Air- conditioning | |
| 250 | _aRep. | ||
| 260 |
_aN.Delhi _bDhanpat Rai Pub (P) Ltd _c2008 |
||
| 300 | _amisc | ||
| 650 | _aB.Tech(ME) | ||
| 942 |
_2ddc _cBK |
||
| 999 |
_c3838 _d3838 |
||